000 00775aaa a2200241 4500
001 14498
003 HDC
007 cr bn ---aaaaa
008 210215p2001 o 0o0 0 m eng
040 _aHDC
245 4 _aThe Welfare of Cattle Kept for Beef Production
260 _a[no place] :
_b[publisher not identified] ,
_c2001
300 _a150 pages
336 _atext
_2rdacontent
337 _acomputer
_2rdamedia
338 _aonline resource
_2rdacarrier
650 _aAnimal Welfare
_9115
650 _aBeef Production
_913218
856 _zRequest full-text at [email protected]
942 _2lcc
942 _cEBOOK
942 _kEBOK 000982
999 _c11814
_d11814